000 00936nam a2200217Ia 4500
003 IN-BaIIA
008 211028s9999 xx 000 0 eng d
020 _a4-946443-01-0
040 _cIIA Library
080 _a524.6-36-54(082.2)
_bCHE
111 _aJapan-France Seminar on Chemical Evolution of Galaxies with Active Star Formation
_cSendai, Japan
_d1986 Nov. 5-8
_916312
245 0 _aChemical evolution of galaxies with active star formation
_bproceedings of Japan-France seminar on chemical evolution of galaxies with active star formation, held in Sendai, Japan, 5-8 Nov 1986
_cedited by Keiya Takakubo
260 _aNew York
_bUniversal Academy Press
_c1987
300 _av, 263p.
650 _aAstronomy and astrophysics thesaurus
650 _aChemical evolution
_915336
650 _aGalaxies
_91286
650 _aStar formation
700 _aTakakubo, Keiya .,ed.
_916313
942 _cBK
999 _c9666
_d9666